| 000 | 00879nam a22002295i 4500 | ||
|---|---|---|---|
| 001 | 163828 | ||
| 003 | ES-MaACL | ||
| 005 | 20250821112438.0 | ||
| 008 | 950206s1889 sp a |||| | spa d | ||
| 040 | _aGA | ||
| 100 | 1 |
_aRodríguez Seoane, José. _998820 |
|
| 245 | 1 | 0 |
_aArtículos y novelas / _cJ. Rodríguez Seoane. |
| 260 |
_aLa Coruña : _bAndrés Martínez, _c1889 ( _fLa Comercial, estab. tip. de la Papelería de Ferrer) |
||
| 300 |
_aXXVI, 404 p., [1] h. de lám. ; _c20 cm. |
||
| 490 | 1 |
_aBiblioteca gallega ; _v21 |
|
| 594 | _aEn cub.: Con un prólogo del Sr. D. Luis Rodriguez Seoane. | ||
| 599 | _aLa h. de lám. es un fotograbado: "E. Mayer", retrato del autor. | ||
| 700 | 0 |
_aRodríguez Seoane, Luis, _d1836-1902 _998821 |
|
| 830 | 0 |
_aBiblioteca gallega ; _v21 _9180864 |
|
| 852 |
_aES-MaACL _jG-9219 _z-- Enc. pasta española |
||
| 999 |
_c163828 _d163828 |
||